Nehemiah: (Record no. 3741)

000 -LEADER
fixed length control field 00741nam a2200217 a 4500
001 - CONTROL NUMBER
control field :::00001473$&:&@@
003 - CONTROL NUMBER IDENTIFIER
control field OkBaRHE
005 - DATE AND TIME OF LATEST TRANSACTION
control field 20000607103244.0
008 - FIXED-LENGTH DATA ELEMENTS--GENERAL INFORMATION
fixed length control field s1978 j 000 0 eng u
020 ## - INTERNATIONAL STANDARD BOOK NUMBER
International Standard Book Number 0802458688
040 ## - CATALOGING SOURCE
Transcribing agency
100 1# - MAIN ENTRY--PERSONAL NAME
Personal name Seume, Richard H.
245 10 - TITLE STATEMENT
Title Nehemiah:
Remainder of title God's builder.
260 ## - PUBLICATION, DISTRIBUTION, ETC. (IMPRINT)
Place of publication, distribution, etc Chicago, IL., :
Name of publisher, distributor, etc Moody Press
Date of publication, distribution, etc c1978
300 ## - PHYSICAL DESCRIPTION
Extent 121 p. ;
Dimensions 22 cm.
650 ## - SUBJECT ADDED ENTRY--TOPICAL TERM
Topical term or geographic name as entry element Bible Old Testament
General subdivision Biography
650 ## - SUBJECT ADDED ENTRY--TOPICAL TERM
Topical term or geographic name as entry element Bible Old Testament Nehemiah
General subdivision Criticism, Interpretation, etc.
650 ## - SUBJECT ADDED ENTRY--TOPICAL TERM
Topical term or geographic name as entry element Nehemiah (Governor of Judah)
942 ## - ADDED ENTRY ELEMENTS (KOHA)
Source of classification or shelving scheme
Koha item type Books
Copies
Lost status Not for loan Shelving location Withdrawn status Total Checkouts Full call number Total Renewals Date acquired Damaged status Price effective from Koha item type Current Location Barcode Date last seen Copy number Source of classification or shelving scheme Date checked out Permanent Location
  General Stacks 2BS 580 .N45S4822010-04-14 2010-04-14BooksRHEMA Bible Training College14732012-01-101 2010-11-19RHEMA Bible Training College